| 000 | 00676nam a22002177a 4500 | ||
|---|---|---|---|
| 003 | OSt | ||
| 005 | 20140310182328.0 | ||
| 008 | 130921t xxu||||| |||| 00| 0 eng d | ||
| 020 | _a9971885756 | ||
| 050 |
_aPL 1075 _b.W872 1999 |
||
| 082 |
_aGS 495.13951 _bL16 1993 |
||
| 245 |
_aWonderful world of words / _ccompiled by Gloria Lam ; illustrated by Shirley Chan. |
||
| 260 |
_aSingapore : _bAsiapac, _c1993. |
||
| 300 |
_a119 p. : _bill. col. ; _c28 cm. |
||
| 650 |
_aChinese language _921322 |
||
| 650 |
_aEnglish language _92534 |
||
| 650 |
_aEnglish to chinese _xTranslations _921323 |
||
| 650 |
_aChinese and English _921324 |
||
| 942 |
_2lcc _cBK-GS |
||
| 999 |
_c11927 _d11927 |
||